Catalog

Record Details

Catalog Search



Available copies

  • 1 of 1 copy available at Headquarters.

Current holds

0 current holds with 1 total copy.

Location Call Number / Copy Notes Barcode Shelving Location Status Due Date
Osu Library 201 070.4/BUR 000002676050 000 - Almanacs, WorldRecords, Computers , Internet, UFO’S, Strange Stuff Available -

Record details

  • ISBN: 9780816064199
  • Physical Description: Hardcover
  • Publisher: New York Ferguson 2007
Subject: Journalism--Vocational guidance
LDR 00620cam a2200205Ka 4500
00185502
003HQ
00520221003114643.0
008070101s nyu fr 0 eng d
020 . ‡a9780816064199
037 . ‡aKorley-klottey Municipal Assembly
08204. ‡a070.4/BUR
100 . ‡aJennifer Bobrow Burns
245 . ‡aCareer Opportunities In Journalism
260 . ‡aNew York ‡bFerguson ‡c2007
300 . ‡aHardcover
650 . ‡aJournalism--Vocational guidance
901 . ‡a85502 ‡bAUTOGEN ‡c85502 ‡tbiblio

Additional Resources